Statistiques concernant Communes du Canton de Neuchâtel

Cliquez ici pour prendre le quiz!

Statistiques générales

  • Ce quiz a été pris 242 fois
  • Le résultat moyen est 12 sur 27

Réponses sur la Carte

Les réponses sont colorées sur une échelle allant du rouge au vert en fonction du pourcentage des utilisateurs qui les ont devinées à leur premier essai. Vous pouvez retrouver ces pourcentages ci-dessous.
 

Statistiques - réponses

HabitantsCommune% Correct
44 588Neuchâtel
97%
37 494La Chaux-de-Fonds
86%
10 667Val-de-Travers
84%
11 132Le Locle
82%
17 017Val-de-Ruz
77%
6 237Boudry
69%
3 264Saint-Blaise
58%
2 652Hauterive
50%
622La Brévine
50%
8 995Milvignes
49%
4 746Cortaillod
46%
4 607Le Landeron
46%
1 222Les Ponts-de-Martel
38%
1 037La Sagne
36%
496La Chaux-du-Milieu
35%
5 083La Tène
35%
1 898Cressier
33%
8 795La Grande Béroche
32%
445La Côte-aux-Fées
31%
644Les Verrières
31%
1 243Rochefort
28%
980Lignières
27%
1 558Cornaux
25%
266Enges
24%
212Les Planchettes
20%
312Le Cerneux-Péquignot
19%
284Brot-Plamboz
17%

Distribution des résultats

Percentile par nombre de réponses

% des personnes avec chaque résultat

Votre développement - résultats

Vous n’avez pas pris ce quiz